F1 2021 Driver Numbers Whammie - Statistics

General Stats
  • This quiz has been taken 32 times
  • The average score is 17 of 20
Answer Stats
Team Driver Number % Correct
Red Bull Max Verstappen 33
96%
Mercedes Lewis Hamilton 44
96%
Red Bull Sergio Pérez 11
91%
Alpine Fernando Alonso 14
91%
Ferrari Charles Leclerc 16
91%
Aston Martin Lance Stroll 18
91%
Alpha Tauri Yuki Tsunoda 22
91%
Alpine Esteban Ocon 31
91%
Alpha Tauri Pierre Gasly 10
87%
McLaren Daniel Ricciardo 3
87%
McLaren Lando Norris 4
87%
Aston Martin Sebastian Vettel 5
87%
Ferrari Carlos Sainz 55
87%
Williams George Russell 63
87%
Mercedes Valtteri Bottas 77
87%
Williams Nicholas Latifi 6
78%
Alfa Romeo Kimi Räikkönen 7
78%
Alfa Romeo Antonio Giovinazzi 99
70%
Haas Mick Schumacher 47
65%
Haas Nikita Mazepin 9
61%
No matching quizzes found
Score Distribution
Percent of People with Each Score
Percentile by Number Answered
Your Score History
You have not taken this quiz